| 000 | 00767nam a2200241Ia 4500 | ||
|---|---|---|---|
| 003 | OSt | ||
| 005 | 20220923224144.0 | ||
| 006 | a|||||r|||| 00| 0 | ||
| 007 | ta | ||
| 008 | Pun | ||
| 024 | _a226,620 | ||
| 037 | _cTextual | ||
| 040 |
_aARTS _cARTS _bPun |
||
| 041 |
_2Pun _aPun |
||
| 082 | _aO153:g(Y:351), P4 | ||
| 100 |
_aਪੂਨੀ, ਬਲਬੀਰ ਸਿੰਘ _9156315 |
||
| 245 | 0 |
_aਲੋਕ ਸਾਹਿਤ _b ਸਿਧਾਂਤ ਅਤੇ ਪਰੰਪਰਾ |
|
| 260 |
_aਅੰਮ੍ਰਿਤਸਰ _b ਰੂਹੀ ਪ੍ਰਕਾFਨ _c2004 |
||
| 300 |
_a120ਪੰ _ccm. |
||
| 650 | _aਪੰਜਾਬੀ ਸਾਹਿਤ | ||
| 942 |
_hO153:g(Y:351), P4 _cTEXL _2CC |
||
| 999 |
_c369585 _d369585 |
||